000 00186nam a2200085Ia 4500
008 180219s9999 xx 000 0 und d
100 _aEysenck
245 4 _aThe Structureof Human
260 _aSurjeet
260 _c2010
999 _c41761
_d41761